عرض عادي
عرض مارك
- هيكل، محمد حسين،
دخول Personal Name
001 - CONTROL NUMBER
- control field: 28764
003 - CONTROL NUMBER IDENTIFIER
- control field: AE-AdECS
005 - DATE AND TIME OF LATEST TRANSACTION
- control field: 20260420073519.0
008 - FIXED-LENGTH DATA ELEMENTS
- fixed length control field: 260420|| aca||aabn | a|a d
040 ## - CATALOGING SOURCE
- Original cataloging agency: AE-AdECS
- Transcribing agency: AE-AdECS
100 ## - HEADING--PERSONAL NAME
- Personal name: هيكل، محمد حسين،
670 ## - SOURCE DATA FOUND
- Source citation: Work cat.: (AE-AdECS)294758: هيكل، محمد حسين، مؤلف., ولدي /
